000 00421nam a22001337a 4500
003 OSt
005 20240506152835.0
008 240320b |||||||| |||| 00| 0 eng d
040 _cCentral Library MRSPTU
100 _aNikolai Amosave ( ਨਿਕੋਲਾਈ ਅਮੋਸੇਵ)
245 _aBata Dil Demag Dya (ਬਾਤਾ ਦਿਲ ਦਿਮਾਗ ਦੀਆ)
260 _aMasko
_bRaduga Publication
942 _2ddc
_cBK
_n0
999 _c9911
_d9911